[Event "Reykjavik op"]
[Site "Reykjavik"]
[Date "2025.04.15"]
[Round "9"]
[White "Pearce, Tim"]
[Black "Haraldsson, Haraldur"]
[Result "0-1"]
[WhiteElo "1762"]
[BlackElo "1954"]
[PlyCount "96"]
[EventDate "2025.04.09"]
[EventType "swiss"]
[EventRounds "9"]
[EventCountry "ISL"]
[SourceTitle "CB17_2025"]
[SourceDate "2025.04.23"]
[SourceVersion "1"]
[SourceVersionDate "2025.04.23"]
[SourceQuality "1"]

1. d4 Nf6 2. c4 e6 3. Nc3 c5 4. d5 exd5 5. cxd5 d6 6. e4 g6 7. f3 Bg7 8. Bg5 h6 9. Be3 0-0 10. Qd2 Kh7 11. Bd3 Na6 12. Rc1 Nc7 13. Nge2 Rb8 14. a4 b6 15. g4 Nd7 16. h4 Ne5 17. Ng1 Qe7 18. Be2 a6 19. Qd1 f5 20. h5 f4 21. hxg6+ Nxg6 22. Bf2 Bf6 23. Kd2 b5 24. axb5 axb5 25. Qf1 Kg7 26. Qh3 Rh8 27. Qh2 b4 28. Nd1 Ra8 29. Bc4 Ba6 30. Bxa6 Rxa6 31. Ne2 Be5 32. Qh5 Ra2 33. Rb1 Nb5 34. Nc1 Ra6 35. Nd3 Ra2 36. Nxe5 Qxe5 37. Qxe5+ Nxe5 38. Rh3 c4 39. Ke1 Rha8 40. Kf1 Ra1 41. Rxa1 Rxa1 42. Ke2 c3 43. bxc3 bxc3 44. Nxc3 Nxc3+ 45. Kd2 Ra2+ 46. Kxc3 Rxf2 47. Kd4 Rc2 48. Rxh6 Rc4# 0-1

[Event "Reykjavik op"]
[Site "Reykjavik"]
[Date "2025.04.13"]
[Round "7"]
[White "Pearce, Tim"]
[Black "Bathula, Abhinav Reddy"]
[Result "0-1"]
[WhiteElo "1762"]
[BlackElo "1979"]
[PlyCount "78"]
[EventDate "2025.04.09"]
[EventType "swiss"]
[EventRounds "9"]
[EventCountry "ISL"]
[SourceTitle "CB17_2025"]
[SourceDate "2025.04.23"]
[SourceVersion "1"]
[SourceVersionDate "2025.04.23"]
[SourceQuality "1"]

1. d4 Nf6 2. c4 g6 3. f3 Bg7 4. e4 d6 5. Nc3 0-0 6. Bg5 c5 7. d5 e6 8. Qd2 exd5 9. cxd5 h6 10. Be3 a6 11. a4 Re8 12. Bc4 Nbd7 13. Be2 h5 14. Nh3 Ne5 15. Nf2 Nh7 16. 0-0 f5 17. exf5 gxf5 18. Nh3 Ng6 19. Kh1 Bxc3 20. Qxc3 Qf6 21. Qxf6 Nxf6 22. Bg5 Rxe2 23. Bxf6 Bd7 24. a5 Rae8 25. Bc3 Bb5 26. Rfe1 Bc4 27. Rxe2 Rxe2 28. Kg1 Kf7 29. Rd1 Ke7 30. g3 Kd7 31. f4 h4 32. Ng5 hxg3 33. hxg3 Ne7 34. Nf7 Bxd5 35. Kf1 Rh2 36. Ng5 Rc2 37. Bf6 Bc4+ 38. Kg1 Nd5 39. Re1 Nxf6 0-1

[Event "Reykjavik op"]
[Site "Reykjavik"]
[Date "2025.04.10"]
[Round "3"]
[White "Pearce, Tim"]
[Black "Fisker, Bo Top"]
[Result "1-0"]
[WhiteElo "1762"]
[BlackElo "1451"]
[PlyCount "125"]
[EventDate "2025.04.09"]
[EventType "swiss"]
[EventRounds "9"]
[EventCountry "ISL"]
[SourceTitle "CB17_2025"]
[SourceDate "2025.04.23"]
[SourceVersion "1"]
[SourceVersionDate "2025.04.23"]
[SourceQuality "1"]

1. d4 d6 2. c4 g6 3. Nc3 Bg7 4. e4 Nf6 5. f3 0-0 6. Bg5 e5 7. dxe5 dxe5 8. Qxd8 Rxd8 9. Nd5 Nbd7 10. Nxc7 Rb8 11. 0-0-0 b6 12. Nd5 Bb7 13. Ne2 h6 14. Bh4 g5 15. Bf2 Nxd5 16. cxd5 Rbc8+ 17. Kb1 Ba6 18. Ng3 Bxf1 19. Rhxf1 Bf8 20. Nf5 Nc5 21. h4 f6 22. hxg5 fxg5 23. Rh1 Kh7 24. Bxc5 Rxc5 25. Rh5 Rdc8 26. d6 Kg6 27. g4 Rd8 28. Rc1 Kf6 29. Rxc5 bxc5 30. Kc2 Rd7 31. b3 Ke6 32. Kc3 Rd8 33. Kc4 Rc8 34. Rh1 a6 35. Rd1 Rd8 36. Kxc5 Rc8+ 37. Kb6 Kd7 38. Kb7 Rc2 39. Rd5 Rc6 40. b4 Rc4 41. a3 Rc6 42. Rc5 Rxd6 43. Nxd6 Bxd6 44. Rd5 Ke6 45. Rxd6+ Kxd6 46. Kxa6 Kc7 47. a4 Kc6 48. a5 Kc7 49. Kb5 Kb7 50. Kc5 Ka6 51. Kd5 Kb5 52. Kxe5 Kxb4 53. a6 h5 54. gxh5 g4 55. fxg4 Kb5 56. a7 Kc4 57. a8Q Kd3 58. Qd5+ Ke3 59. Qd4+ Kf3 60. Kf5 Ke2 61. Kf4 Ke1 62. Kf3 Kf1 63. Qf2# 1-0

[Event "ACT-ch"]
[Site "Canberra"]
[Date "2017.03.12"]
[Round "6"]
[White "Ninchich, Milan"]
[Black "Pearce, Tim"]
[Result "0-1"]
[WhiteElo "1725"]
[BlackElo "1726"]
[PlyCount "62"]
[EventDate "2017.03.10"]
[EventType "swiss"]
[EventRounds "7"]
[EventCountry "AUS"]
[SourceTitle "EXT 2023"]
[Source "ChessBase"]
[SourceDate "2022.10.05"]
[SourceVersion "1"]
[SourceVersionDate "2022.10.05"]
[SourceQuality "1"]

1. e4 c5 2. Nf3 a6 3. d4 cxd4 4. Nxd4 Nf6 5. Nc3 e5 6. Nf3 Bb4 7. Bd3 0-0 8. Bd2 Nc6 9. 0-0 d6 10. h3 h6 11. Qc1 Be6 12. Ne2 Bxd2 13. Qxd2 d5 14. Ng3 Qb6 15. c3 Rfd8 16. Qe2 d4 17. c4 Nd7 18. b3 a5 19. Nd2 a4 20. Nf5 Bxf5 21. exf5 Nc5 22. f6 gxf6 23. Qg4+ Kf8 24. Bh7 Ke7 25. Ne4 Nxe4 26. Qxe4 axb3 27. axb3 Rxa1 28. Rxa1 d3 29. Qe1 Qxb3 30. Rb1 d2 31. Qd1 Qxd1+ 0-1

[Event "ACT-ch"]
[Site "Canberra"]
[Date "2016.02.13"]
[Round "2"]
[White "Pearce, Tim"]
[Black "Yin, Wenlin"]
[Result "0-1"]
[WhiteElo "1716"]
[BlackElo "1941"]
[PlyCount "114"]
[EventDate "2016.02.12"]
[EventType "swiss"]
[EventRounds "9"]
[EventCountry "AUS"]
[SourceTitle "CBM 171 Extra"]
[Source "ChessBase"]
[SourceDate "2016.04.26"]
[SourceVersion "1"]
[SourceVersionDate "2016.04.26"]
[SourceQuality "1"]

1. d4 Nf6 2. c4 e6 3. Nc3 Bb4 4. f3 c5 5. d5 0-0 6. e4 b5 7. e5 Ne8 8. f4 exd5 9. cxd5 d6 10. Nf3 Nc7 11. Bd3 f5 12. 0-0 dxe5 13. fxe5 Bxc3 14. d6 Ba5 15. dxc7 Qxc7 16. Bxb5 Be6 17. Qd6 Qxd6 18. exd6 h6 19. Ne5 a6 20. Ba4 Rd8 21. Rd1 Bb6 22. Be3 f4 23. Bf2 a5 24. a3 Nd7 25. Nc6 Rf8 26. Ne7+ Kf7 27. Bc2 g5 28. Re1 c4 29. Bxb6 Nxb6 30. Rad1 Bd7 31. Ng6 Rfe8 32. Ne5+ Kf6 33. Nxd7+ Nxd7 34. Ba4 Rxe1+ 35. Rxe1 Nc5 36. Bc6 Rd8 37. Rd1 Nd3 38. d7 Nxb2 39. Re1 c3 40. Rc1 Nd3 41. Rxc3 Ne5 42. Rc5 Nxd7 43. Rxa5 Ne5 44. Ba4 Rd2 45. Ra6+ Kf5 46. Ra5 Ke4 47. h3 f3 48. Rxe5+ Kxe5 49. gxf3 Ra2 50. Bc6 Rxa3 51. Kf2 Kf4 52. Be4 Ra2+ 53. Kg1 Kg3 54. Kf1 Kxh3 55. Bd5 Rb2 56. Be4 Kg3 57. Bd5 Rf2+ 0-1

[Event "AUS-ch Minor"]
[Site "Cammeray"]
[Date "2013.01.12"]
[Round "10"]
[White "Baldwin, Tony"]
[Black "Pearce, Tim"]
[Result "0-1"]
[WhiteElo "1439"]
[BlackElo "1365"]
[PlyCount "71"]
[EventDate "2013.01.02"]
[EventType "swiss"]
[EventRounds "11"]
[EventCountry "AUS"]
[SourceTitle "EXT 2022"]
[Source "ChessBase"]
[SourceDate "2021.10.06"]
[SourceVersion "1"]
[SourceVersionDate "2021.10.06"]
[SourceQuality "1"]

1. d4 d5 2. c4 c6 3. Nc3 Nf6 4. Nf3 e6 5. a3 Nbd7 6. Bf4 Be7 7. e3 Nh5 8. Be5 f6 9. Bg3 Nxg3 10. hxg3 0-0 11. Qd3 f5 12. 0-0-0 Nf6 13. Qc2 Qc7 14. Bd3 Ne4 15. Rh3 b5 16. cxb5 cxb5 17. Bxb5 Nxc3 18. bxc3 Bxa3+ 19. Kd2 Rb8 20. Qa4 Bb2 21. c4 dxc4 22. Bxc4 Bd7 23. Qa2 Qb6 24. Ke2 Bb5 25. Ne5 Bxc4+ 26. Nxc4 Qb5 27. Rb1 Rfc8 28. Kd3 Qd5 29. f3 e5 30. Rh4 g5 31. Rh5 e4+ 32. Kd2 Qxc4 33. Rxg5+ Kh8 34. Qxc4 Rxc4 35. Rxf5 Bc3+ 36. Kc2 0-1

[Event "AUS-ch Minor"]
[Site "Cammeray"]
[Date "2013.01.04"]
[Round "3"]
[White "Pearce, Tim"]
[Black "Wang, Chong"]
[Result "0-1"]
[WhiteElo "1365"]
[BlackElo "1187"]
[PlyCount "58"]
[EventDate "2013.01.02"]
[EventType "swiss"]
[EventRounds "11"]
[EventCountry "AUS"]
[SourceTitle "EXT 2022"]
[Source "ChessBase"]
[SourceDate "2021.10.06"]
[SourceVersion "1"]
[SourceVersionDate "2021.10.06"]
[SourceQuality "1"]

1. d4 Nf6 2. c4 g6 3. Nc3 Bg7 4. e4 d6 5. f3 0-0 6. Be3 e5 7. Nge2 Nc6 8. d5 Ne7 9. Qd2 c6 10. c5 cxd5 11. cxd6 Qxd6 12. Nb5 Qc6 13. Ng3 d4 14. Bg5 Be6 15. Rc1 Qb6 16. f4 h6 17. fxe5 hxg5 18. exf6 Bxf6 19. e5 Bxe5 20. Qxg5 Qa5+ 21. Kf2 Nf5 22. Nxf5 Bxf5 23. g4 f6 24. Bc4+ Kg7 25. Qh4 Rh8 26. Qxh8+ Rxh8 27. gxf5 Qd2+ 28. Kf3 Rh3+ 29. Ke4 Qg2# 0-1